| 000 | 00599nam a2200217Ia 4500 | ||
|---|---|---|---|
| 003 | OSt | ||
| 005 | 20230410163053.0 | ||
| 008 | 210423s1996 xx 000 0 und d | ||
| 020 | _a0-521-45233-3 | ||
| 040 | _cAL | ||
| 041 | _aeng | ||
| 082 |
_a621.366 _223 _bLAUI |
||
| 100 |
_aLAUFER (Gabriel) _985676 |
||
| 245 | _aIntroduction to optics and lasers in engineering | ||
| 260 |
_aNew York _bCambridge University Press _c1996 |
||
| 300 |
_axvii,476 _bHB |
||
| 365 |
_b20098 _cUSD |
||
| 650 |
_aEngineering _985677 |
||
| 906 | _aengineering ; Introduction ; lasers ; optics | ||
| 942 |
_2ddc _cBK |
||
| 999 |
_c169594 _d169594 |
||